| 000 | 01261nam a2200301 i 4500 | ||
|---|---|---|---|
| 001 | 184782 | ||
| 003 | ES-MaACL | ||
| 005 | 20250828071929.0 | ||
| 008 | 151223s2010 sp ad |||| | spa d | ||
| 020 | _a978-84-693-0506-3 | ||
| 080 | _a614.7(063) | ||
| 080 | _a663/664:504.05(063) | ||
| 080 | _a504:37.03 | ||
| 245 | 0 | 0 |
_aSalud, alimentación y medio ambiente / _ccoordinador, Federico Velázquez de Castro González. |
| 260 |
_aMadrid [etc.] : _bAsociación Española de Educación Ambiental, _c[2010] |
||
| 300 |
_a126 p. : _bil., gráf. ; _c24 cm. |
||
| 504 | _aReferencias bibliográficas. | ||
| 650 | 7 |
_aHigiene ambiental- _vCongresos y asambleas. _9158408 |
|
| 650 | 0 | 7 |
_aIndustria alimentaria- _xAspectos ambientales- _vCongresos y asambleas. _9158409 |
| 650 | 0 | 7 |
_aEducación ambiental _2embne _912086 |
| 650 | 4 |
_aIndustria alimentaria- _zEspaña. _9141599 |
|
| 700 | 1 |
_aVelázquez de Castro González, Federico, _d1949- _9155482 |
|
| 710 | 2 |
_aAsociación Española de Educación Ambiental _9158410 |
|
| 711 | 2 |
_aJornadas sobre Salud, Alimentación y Medio Ambiente ( _n1ª. _d2009. _cGranada) _9158407 |
|
| 852 |
_aES-MaACL _jA-13516 _9191796 _bR.150446 _cDEPO1 _dOlim: N-6516 |
||
| 942 |
_2udc _cMONOGRAFIA |
||
| 999 |
_c184782 _d184782 |
||